Maths - 30 Roots of Squares of 3 Digit Numbers - Statistics

General Stats
  • This quiz has been taken 79 times
  • The average score is 10 of 30
Answer Stats
x % Correct
12769 113
100%
16129 127
100%
17161 131
100%
19044 138
100%
19321 139
100%
23104 152
100%
24336 156
100%
26244 162
100%
26569 163
100%
28561 169
100%
33856 184
100%
36481 191
100%
40804 202
100%
57121 239
100%
64009 253
100%
69696 264
100%
94249 307
100%
97969 313
100%
113569 337
100%
123904 352
100%
125316 354
100%
142884 378
100%
151321 389
100%
154449 393
100%
157609 397
100%
160801 401
100%
162409 403
100%
190969 437
100%
233289 483
100%
245025 495
100%
261121 511
100%
265225 515
100%
287296 536
100%
293764 542
100%
304704 552
100%
320356 566
100%
326041 571
100%
368449 607
100%
388129 623
100%
408321 639
100%
412164 642
100%
438244 662
100%
458329 677
100%
465124 682
100%
516961 719
100%
521284 722
100%
579121 761
100%
597529 773
100%
620944 788
100%
669124 818
100%
695556 834
100%
702244 838
100%
720801 849
100%
779689 883
100%
786769 887
100%
795664 892
100%
817216 904
100%
844561 919
100%
857476 926
100%
863041 929
100%
881721 939
100%
906304 952
100%
44944 212
67%
21025 145
50%
286225 535
50%
430336 656
50%
469225 685
50%
625681 791
50%
811801 901
50%
824464 908
50%
833569 913
50%
923521 961
50%
974169 987
50%
580644 762
33%
10201 101
0%
10404 102
0%
10609 103
0%
10816 104
0%
11025 105
0%
11236 106
0%
11449 107
0%
11664 108
0%
11881 109
0%
12321 111
0%
12544 112
0%
12996 114
0%
13225 115
0%
13456 116
0%
13689 117
0%
13924 118
0%
14161 119
0%
14641 121
0%
14884 122
0%
15129 123
0%
15376 124
0%
15625 125
0%
15876 126
0%
16384 128
0%
16641 129
0%
17424 132
0%
17689 133
0%
17956 134
0%
18225 135
0%
18496 136
0%
18769 137
0%
19881 141
0%
20164 142
0%
20449 143
0%
20736 144
0%
21316 146
0%
21609 147
0%
21904 148
0%
22201 149
0%
22801 151
0%
23409 153
0%
23716 154
0%
24025 155
0%
24649 157
0%
24964 158
0%
25281 159
0%
25921 161
0%
26896 164
0%
27225 165
0%
27556 166
0%
27889 167
0%
28224 168
0%
29241 171
0%
29584 172
0%
29929 173
0%
30276 174
0%
30625 175
0%
30976 176
0%
31329 177
0%
31684 178
0%
32041 179
0%
32761 181
0%
33124 182
0%
33489 183
0%
34225 185
0%
34596 186
0%
34969 187
0%
35344 188
0%
35721 189
0%
36864 192
0%
37249 193
0%
37636 194
0%
38025 195
0%
38416 196
0%
38809 197
0%
39204 198
0%
39601 199
0%
40401 201
0%
41209 203
0%
41616 204
0%
42025 205
0%
42436 206
0%
42849 207
0%
43264 208
0%
43681 209
0%
44521 211
0%
45369 213
0%
45796 214
0%
46225 215
0%
46656 216
0%
47089 217
0%
47524 218
0%
47961 219
0%
48841 221
0%
49284 222
0%
49729 223
0%
50176 224
0%
50625 225
0%
51076 226
0%
51529 227
0%
51984 228
0%
52441 229
0%
53361 231
0%
53824 232
0%
54289 233
0%
54756 234
0%
55225 235
0%
55696 236
0%
56169 237
0%
56644 238
0%
58081 241
0%
58564 242
0%
59049 243
0%
59536 244
0%
60025 245
0%
60516 246
0%
61009 247
0%
61504 248
0%
62001 249
0%
63001 251
0%
63504 252
0%
64516 254
0%
65025 255
0%
65536 256
0%
66049 257
0%
66564 258
0%
67081 259
0%
68121 261
0%
68644 262
0%
69169 263
0%
70225 265
0%
70756 266
0%
71289 267
0%
71824 268
0%
72361 269
0%
73441 271
0%
73984 272
0%
74529 273
0%
75076 274
0%
75625 275
0%
76176 276
0%
76729 277
0%
77284 278
0%
77841 279
0%
78961 281
0%
79524 282
0%
80089 283
0%
80656 284
0%
81225 285
0%
81796 286
0%
82369 287
0%
82944 288
0%
83521 289
0%
84681 291
0%
85264 292
0%
85849 293
0%
86436 294
0%
87025 295
0%
87616 296
0%
88209 297
0%
88804 298
0%
89401 299
0%
90601 301
0%
91204 302
0%
91809 303
0%
92416 304
0%
93025 305
0%
93636 306
0%
94864 308
0%
95481 309
0%
96721 311
0%
97344 312
0%
98596 314
0%
99225 315
0%
99856 316
0%
100489 317
0%
101124 318
0%
101761 319
0%
103041 321
0%
103684 322
0%
104329 323
0%
104976 324
0%
105625 325
0%
106276 326
0%
106929 327
0%
107584 328
0%
108241 329
0%
109561 331
0%
110224 332
0%
110889 333
0%
111556 334
0%
112225 335
0%
112896 336
0%
114244 338
0%
114921 339
0%
116281 341
0%
116964 342
0%
117649 343
0%
118336 344
0%
119025 345
0%
119716 346
0%
120409 347
0%
121104 348
0%
121801 349
0%
123201 351
0%
124609 353
0%
126025 355
0%
126736 356
0%
127449 357
0%
128164 358
0%
128881 359
0%
130321 361
0%
131044 362
0%
131769 363
0%
132496 364
0%
133225 365
0%
133956 366
0%
134689 367
0%
135424 368
0%
136161 369
0%
137641 371
0%
138384 372
0%
139129 373
0%
139876 374
0%
140625 375
0%
141376 376
0%
142129 377
0%
143641 379
0%
145161 381
0%
145924 382
0%
146689 383
0%
147456 384
0%
148225 385
0%
148996 386
0%
149769 387
0%
150544 388
0%
152881 391
0%
153664 392
0%
155236 394
0%
156025 395
0%
156816 396
0%
158404 398
0%
159201 399
0%
161604 402
0%
163216 404
0%
164025 405
0%
164836 406
0%
165649 407
0%
166464 408
0%
167281 409
0%
168921 411
0%
169744 412
0%
170569 413
0%
171396 414
0%
172225 415
0%
173056 416
0%
173889 417
0%
174724 418
0%
175561 419
0%
177241 421
0%
178084 422
0%
178929 423
0%
179776 424
0%
180625 425
0%
181476 426
0%
182329 427
0%
183184 428
0%
184041 429
0%
185761 431
0%
186624 432
0%
187489 433
0%
188356 434
0%
189225 435
0%
190096 436
0%
191844 438
0%
192721 439
0%
194481 441
0%
195364 442
0%
196249 443
0%
197136 444
0%
198025 445
0%
198916 446
0%
199809 447
0%
200704 448
0%
201601 449
0%
203401 451
0%
204304 452
0%
205209 453
0%
206116 454
0%
207025 455
0%
207936 456
0%
208849 457
0%
209764 458
0%
210681 459
0%
212521 461
0%
213444 462
0%
214369 463
0%
215296 464
0%
216225 465
0%
217156 466
0%
218089 467
0%
219024 468
0%
219961 469
0%
221841 471
0%
222784 472
0%
223729 473
0%
224676 474
0%
225625 475
0%
226576 476
0%
227529 477
0%
228484 478
0%
229441 479
0%
231361 481
0%
232324 482
0%
234256 484
0%
235225 485
0%
236196 486
0%
237169 487
0%
238144 488
0%
239121 489
0%
241081 491
0%
242064 492
0%
243049 493
0%
244036 494
0%
246016 496
0%
247009 497
0%
248004 498
0%
249001 499
0%
251001 501
0%
252004 502
0%
253009 503
0%
254016 504
0%
255025 505
0%
256036 506
0%
257049 507
0%
258064 508
0%
259081 509
0%
262144 512
0%
263169 513
0%
264196 514
0%
266256 516
0%
267289 517
0%
268324 518
0%
269361 519
0%
271441 521
0%
272484 522
0%
273529 523
0%
274576 524
0%
275625 525
0%
276676 526
0%
277729 527
0%
278784 528
0%
279841 529
0%
281961 531
0%
283024 532
0%
284089 533
0%
285156 534
0%
288369 537
0%
289444 538
0%
290521 539
0%
292681 541
0%
294849 543
0%
295936 544
0%
297025 545
0%
298116 546
0%
299209 547
0%
300304 548
0%
301401 549
0%
303601 551
0%
305809 553
0%
306916 554
0%
308025 555
0%
309136 556
0%
310249 557
0%
311364 558
0%
312481 559
0%
314721 561
0%
315844 562
0%
316969 563
0%
318096 564
0%
319225 565
0%
321489 567
0%
322624 568
0%
323761 569
0%
327184 572
0%
328329 573
0%
329476 574
0%
330625 575
0%
331776 576
0%
332929 577
0%
334084 578
0%
335241 579
0%
337561 581
0%
338724 582
0%
339889 583
0%
341056 584
0%
342225 585
0%
343396 586
0%
344569 587
0%
345744 588
0%
346921 589
0%
349281 591
0%
350464 592
0%
351649 593
0%
352836 594
0%
354025 595
0%
355216 596
0%
356409 597
0%
357604 598
0%
358801 599
0%
361201 601
0%
362404 602
0%
363609 603
0%
364816 604
0%
366025 605
0%
367236 606
0%
369664 608
0%
370881 609
0%
373321 611
0%
374544 612
0%
375769 613
0%
376996 614
0%
378225 615
0%
379456 616
0%
380689 617
0%
381924 618
0%
383161 619
0%
385641 621
0%
386884 622
0%
389376 624
0%
390625 625
0%
391876 626
0%
393129 627
0%
394384 628
0%
395641 629
0%
398161 631
0%
399424 632
0%
400689 633
0%
401956 634
0%
403225 635
0%
404496 636
0%
405769 637
0%
407044 638
0%
410881 641
0%
413449 643
0%
414736 644
0%
416025 645
0%
417316 646
0%
418609 647
0%
419904 648
0%
421201 649
0%
423801 651
0%
425104 652
0%
426409 653
0%
427716 654
0%
429025 655
0%
431649 657
0%
432964 658
0%
434281 659
0%
436921 661
0%
439569 663
0%
440896 664
0%
442225 665
0%
443556 666
0%
444889 667
0%
446224 668
0%
447561 669
0%
450241 671
0%
451584 672
0%
452929 673
0%
454276 674
0%
455625 675
0%
456976 676
0%
459684 678
0%
461041 679
0%
463761 681
0%
466489 683
0%
467856 684
0%
470596 686
0%
471969 687
0%
473344 688
0%
474721 689
0%
477481 691
0%
478864 692
0%
480249 693
0%
481636 694
0%
483025 695
0%
484416 696
0%
485809 697
0%
487204 698
0%
488601 699
0%
491401 701
0%
492804 702
0%
494209 703
0%
495616 704
0%
497025 705
0%
498436 706
0%
499849 707
0%
501264 708
0%
502681 709
0%
505521 711
0%
506944 712
0%
508369 713
0%
509796 714
0%
511225 715
0%
512656 716
0%
514089 717
0%
515524 718
0%
519841 721
0%
522729 723
0%
524176 724
0%
525625 725
0%
527076 726
0%
528529 727
0%
529984 728
0%
531441 729
0%
534361 731
0%
535824 732
0%
537289 733
0%
538756 734
0%
540225 735
0%
541696 736
0%
543169 737
0%
544644 738
0%
546121 739
0%
549081 741
0%
550564 742
0%
552049 743
0%
553536 744
0%
555025 745
0%
556516 746
0%
558009 747
0%
559504 748
0%
561001 749
0%
564001 751
0%
565504 752
0%
567009 753
0%
568516 754
0%
570025 755
0%
571536 756
0%
573049 757
0%
574564 758
0%
576081 759
0%
582169 763
0%
583696 764
0%
585225 765
0%
586756 766
0%
588289 767
0%
589824 768
0%
591361 769
0%
594441 771
0%
595984 772
0%
599076 774
0%
600625 775
0%
602176 776
0%
603729 777
0%
605284 778
0%
606841 779
0%
609961 781
0%
611524 782
0%
613089 783
0%
614656 784
0%
616225 785
0%
617796 786
0%
619369 787
0%
622521 789
0%
627264 792
0%
628849 793
0%
630436 794
0%
632025 795
0%
633616 796
0%
635209 797
0%
636804 798
0%
638401 799
0%
641601 801
0%
643204 802
0%
644809 803
0%
646416 804
0%
648025 805
0%
649636 806
0%
651249 807
0%
652864 808
0%
654481 809
0%
657721 811
0%
659344 812
0%
660969 813
0%
662596 814
0%
664225 815
0%
665856 816
0%
667489 817
0%
670761 819
0%
674041 821
0%
675684 822
0%
677329 823
0%
678976 824
0%
680625 825
0%
682276 826
0%
683929 827
0%
685584 828
0%
687241 829
0%
690561 831
0%
692224 832
0%
693889 833
0%
697225 835
0%
698896 836
0%
700569 837
0%
703921 839
0%
707281 841
0%
708964 842
0%
710649 843
0%
712336 844
0%
714025 845
0%
715716 846
0%
717409 847
0%
719104 848
0%
724201 851
0%
725904 852
0%
727609 853
0%
729316 854
0%
731025 855
0%
732736 856
0%
734449 857
0%
736164 858
0%
737881 859
0%
741321 861
0%
743044 862
0%
744769 863
0%
746496 864
0%
748225 865
0%
749956 866
0%
751689 867
0%
753424 868
0%
755161 869
0%
758641 871
0%
760384 872
0%
762129 873
0%
763876 874
0%
765625 875
0%
767376 876
0%
769129 877
0%
770884 878
0%
772641 879
0%
776161 881
0%
777924 882
0%
781456 884
0%
783225 885
0%
784996 886
0%
788544 888
0%
790321 889
0%
793881 891
0%
797449 893
0%
799236 894
0%
801025 895
0%
802816 896
0%
804609 897
0%
806404 898
0%
808201 899
0%
813604 902
0%
815409 903
0%
819025 905
0%
820836 906
0%
822649 907
0%
826281 909
0%
829921 911
0%
831744 912
0%
835396 914
0%
837225 915
0%
839056 916
0%
840889 917
0%
842724 918
0%
848241 921
0%
850084 922
0%
851929 923
0%
853776 924
0%
855625 925
0%
859329 927
0%
861184 928
0%
866761 931
0%
868624 932
0%
870489 933
0%
872356 934
0%
874225 935
0%
876096 936
0%
877969 937
0%
879844 938
0%
885481 941
0%
887364 942
0%
889249 943
0%
891136 944
0%
893025 945
0%
894916 946
0%
896809 947
0%
898704 948
0%
900601 949
0%
904401 951
0%
908209 953
0%
910116 954
0%
912025 955
0%
913936 956
0%
915849 957
0%
917764 958
0%
919681 959
0%
925444 962
0%
927369 963
0%
929296 964
0%
931225 965
0%
933156 966
0%
935089 967
0%
937024 968
0%
938961 969
0%
942841 971
0%
944784 972
0%
946729 973
0%
948676 974
0%
950625 975
0%
952576 976
0%
954529 977
0%
956484 978
0%
958441 979
0%
962361 981
0%
964324 982
0%
966289 983
0%
968256 984
0%
970225 985
0%
972196 986
0%
976144 988
0%
978121 989
0%
982081 991
0%
984064 992
0%
986049 993
0%
988036 994
0%
990025 995
0%
992016 996
0%
994009 997
0%
996004 998
0%
998001 999
0%
No matching quizzes found
Score Distribution
Percent of People with Each Score
Percentile by Number Answered
Your Score History
You have not taken this quiz